<?xml version="1.0" encoding="UTF-8"?>
<record
    xmlns:xsi="http://www.w3.org/2001/XMLSchema-instance"
    xsi:schemaLocation="http://www.loc.gov/MARC21/slim http://www.loc.gov/standards/marcxml/schema/MARC21slim.xsd"
    xmlns="http://www.loc.gov/MARC21/slim">

  <leader>02087nam a22003017a 4500</leader>
  <datafield tag="999" ind1=" " ind2=" ">
    <subfield code="c">1675</subfield>
    <subfield code="d">1675</subfield>
  </datafield>
  <controlfield tag="003">AR-CdUCM</controlfield>
  <controlfield tag="008">190227b           ||||| |||| 00| 0 spa d</controlfield>
  <datafield tag="020" ind1=" " ind2=" ">
    <subfield code="a">9786124097706</subfield>
  </datafield>
  <datafield tag="040" ind1=" " ind2=" ">
    <subfield code="a">MUNICIPALIDAD PROVINCIAL DEL CUSCO</subfield>
    <subfield code="c">BIBLIOTECA MUNICIPAL DEL CUSCO</subfield>
  </datafield>
  <datafield tag="082" ind1=" " ind2=" ">
    <subfield code="b">985.612 /</subfield>
    <subfield code="2">K26</subfield>
  </datafield>
  <datafield tag="100" ind1=" " ind2=" ">
    <subfield code="a">Kauffmann Doig, Federico</subfield>
  </datafield>
  <datafield tag="245" ind1=" " ind2=" ">
    <subfield code="a">Machu Picchu :</subfield>
    <subfield code="b">Sortilegio en piedra = Enchantment in stone /</subfield>
  </datafield>
  <datafield tag="246" ind1=" " ind2=" ">
    <subfield code="a">Machu Picchu :</subfield>
    <subfield code="b">Enchantment in stone</subfield>
  </datafield>
  <datafield tag="260" ind1=" " ind2=" ">
    <subfield code="a">Lima :</subfield>
    <subfield code="b">Universidad Alas Peruanas,</subfield>
    <subfield code="c">2014.</subfield>
  </datafield>
  <datafield tag="300" ind1=" " ind2=" ">
    <subfield code="a">2 t.</subfield>
    <subfield code="b">ilustraciones, mapas, fotograf&#xED;as, laminas,</subfield>
    <subfield code="c">34 cm.</subfield>
  </datafield>
  <datafield tag="505" ind1=" " ind2=" ">
    <subfield code="a">Conmtenido: t.1 : Machu Picchu: Glosas introductorias = Machu Picchu: Introductory Comments -- Machu Picchu en su escenario hist&#xF3;rico: Los incas y sus ancestros = Machu Picchu in its historical context: The Incas and their ancestors -- El mundo descubre Machu Picchu = The world discovers Machu Picchu -- Machu Picchu: Expediciones y estudios = Machu Picchu: Expeditions and studies ... -- t.2 : Machu Picchu: Arquitectura e Ingenier&#xED;a Civil = Machu Picchu: Architecture and Civil Engineering -- Machu Picchu: Descripci&#xF3;n = Machu Picchu: Description -- En torno al Intihuatana de Machu Picchu = Regarding Machu Picchu's Intihuatana -- Testimonios en el entorno de Machu Picchu = Other sites surrounding Machu Picchu -- Machu Picchu: Sitios Arqueol&#xF3;gicos aleda&#xF1;os = Machu Picchu: Nearby Archaeological sites -- Otros testimonios arquitect&#xF3;nicos en el territorio de Vilcabamba = Other architectural sites in the Vilcabamba territory -- Caminos incas que conducen a Machu Picchu = Inca trails leading to Machu Picchu ...</subfield>
  </datafield>
  <datafield tag="650" ind1=" " ind2=" ">
    <subfield code="a">Santuario Hist&#xF3;rico de Machu Picchu</subfield>
    <subfield code="9">6214</subfield>
  </datafield>
  <datafield tag="650" ind1=" " ind2=" ">
    <subfield code="a">Cusco - Per&#xFA;</subfield>
    <subfield code="9">4115</subfield>
  </datafield>
  <datafield tag="650" ind1=" " ind2=" ">
    <subfield code="a">Historia</subfield>
    <subfield code="9">136</subfield>
  </datafield>
  <datafield tag="700" ind1=" " ind2=" ">
    <subfield code="a">ICPNA</subfield>
    <subfield code="9">6215</subfield>
  </datafield>
  <datafield tag="700" ind1=" " ind2=" ">
    <subfield code="a">Stephen Light (traducci&#xF3;n)</subfield>
    <subfield code="9">6216</subfield>
  </datafield>
  <datafield tag="710" ind1=" " ind2=" ">
    <subfield code="a">Universidad Alas Peruanas</subfield>
    <subfield code="9">6217</subfield>
  </datafield>
  <datafield tag="710" ind1=" " ind2=" ">
    <subfield code="a">Instituto Cultural Peruano Norteamericano (Lima).</subfield>
    <subfield code="9">6218</subfield>
  </datafield>
  <datafield tag="942" ind1=" " ind2=" ">
    <subfield code="2">ddc</subfield>
    <subfield code="c">LIBROS</subfield>
  </datafield>
  <datafield tag="945" ind1=" " ind2=" ">
    <subfield code="a">achl</subfield>
  </datafield>
  <datafield tag="952" ind1=" " ind2=" ">
    <subfield code="0">0</subfield>
    <subfield code="2">ddc</subfield>
    <subfield code="4">0</subfield>
    <subfield code="7">0</subfield>
    <subfield code="a">SH</subfield>
    <subfield code="b">SH</subfield>
    <subfield code="c">CART</subfield>
    <subfield code="d">2019-02-27</subfield>
    <subfield code="g">100.00</subfield>
    <subfield code="o">985.612 / K26 / t.1</subfield>
    <subfield code="p">SH0000001689</subfield>
    <subfield code="r">2019-02-27</subfield>
    <subfield code="y">LIBROS</subfield>
  </datafield>
  <datafield tag="952" ind1=" " ind2=" ">
    <subfield code="0">0</subfield>
    <subfield code="2">ddc</subfield>
    <subfield code="4">0</subfield>
    <subfield code="7">0</subfield>
    <subfield code="a">SH</subfield>
    <subfield code="b">SH</subfield>
    <subfield code="c">CART</subfield>
    <subfield code="d">2019-02-27</subfield>
    <subfield code="g">100.00</subfield>
    <subfield code="o">985.612 / K26 / t.2</subfield>
    <subfield code="p">SH0000001690</subfield>
    <subfield code="r">2019-02-27</subfield>
    <subfield code="y">LIBROS</subfield>
  </datafield>
</record>
